000 00553nam a2200181Ia 4500
008 100920s9999 xx 000 0 und d
082 _b67881
_a--- 0
100 _aभोगले प्रभाकर.
245 _aअसुनी नाथ.
260 _bशांती पब्लिकेशन, पुणे.
_c0
300 _a144
_bसाधी
365 _b70
520 _aकादंबरी.
630 _aअसुनी नाथ.
650 _aकादंबरी.
730 _aअसुनी नाथ.
942 _cBOOK
999 _c710290
_d710287